Sports Quiz

Random Sports or World Quiz

Top 10 Most Expensive Cars in the World Quiz Stats

Quiz not verified by Sporcle

Challenge
Share
Tweet
Embed
Score 0/10 Timer 10:00
0 Plays Today
Hints about the car What kind of car? % Correct
$1.1 MillionsKoenigsegg CCX
54.5%
$740,000SSC Ultimate Aero
36.4%
$2.21 MillionsKoenigsegg Trevita
27.3%
$1.4 MillionsMaybach Landaulet
9.1%
$1.8 MillionsPagani Zonda Cinque Roadster
9.1%
$765,000Leblanc Mirabeau
0%
$1.3 MillionsKoenigsegg CCXR
0%
$1.42 MillionsLamborghini Reventón
0%
$1.56 MillionsLamborghini Reventón Roadster
0%
$2 Millions / $1.67 Millions for coupe versionBugatti Veyron 16.4 Grand Sport
0%

You're not logged in!

Compare scores with friends on all Sporcle quizzes.
Join for Free
OR
Log In

You Might Also Like...

Show Comments

Extras

Top Quizzes Today


Score Distribution

Your Account Isn't Verified!

In order to create a playlist on Sporcle, you need to verify the email address you used during registration. Go to your Sporcle Settings to finish the process.

Report this User

Report this user for behavior that violates our Community Guidelines.

Details: